Fun and Games with Jimmy Fallon Quiz Stats

 Plays Quiz Updated May 5, 2019

Score 0/20 Timer 05:00
0 Plays Today
% Correct
Miley Cyrus
91.6%
Keanu Reeves
90.1%
Justin Timberlake
89.3%
Ariana Grande
85%
Mark Wahlberg
79.6%
Ryan Reynolds
79.3%
Adele
79.1%
Benedict Cumberbatch
77.4%
Daniel Radcliffe
76%
Emma Stone
76%
% Correct
Serena Williams
68.8%
Jodie Foster
67.9%
Jennifer Garner
66.7%
Blake Shelton
58.7%
Jason Statham
53.7%
Pierce Brosnan
51.3%
Julia Roberts
44.2%
Taraji P. Henson
37.9%
Johnny Knoxville
32.4%
Norman Reedus
30.2%

You're not logged in!

Compare scores with friends on all Sporcle quizzes.
OR
Log In

Sporcle TV

Today on Sporcle TV


Watch our educational content, quiz creation guides, and fun videos on Sporcle TV.

Show Comments

Extras

Top Quizzes Today


Score Distribution

Your Account Isn't Verified!

In order to create a playlist on Sporcle, you need to verify the email address you used during registration. Go to your Sporcle Settings to finish the process.

Report this User

Report this user for behavior that violates our Community Guidelines.

Details: